Aratás után
Elmentve itt :
| Szerző: | |
|---|---|
| Dokumentumtípus: | Cikk |
| Megjelent: |
1964-07-23
|
| Sorozat: | Délmagyarország
54 No. 171 |
| Kulcsszavak: | Mezőgazdasági munka betakarítás Szeged 1964, Aratás Szeged és környéke 1964, földművelés |
| Online Access: | http://dmarchiv.bibl.u-szeged.hu/68048 |
| LEADER | 00516nab a2200157 i 4500 | ||
|---|---|---|---|
| 001 | delm68048 | ||
| 005 | 20180927153743.0 | ||
| 008 | 180927s1964 hu o 0|| hun d | ||
| 040 | |a SZTE Délmagyarország Archívum |b hun | ||
| 041 | |a hun | ||
| 100 | 1 | |a Csepi József | |
| 245 | 1 | 0 | |a Aratás után |h [elektronikus dokumentum] / |c Csepi József |
| 260 | |c 1964-07-23 | ||
| 300 | |a 3 | ||
| 490 | 0 | |a Délmagyarország |v 54 No. 171 | |
| 695 | |a Mezőgazdasági munka betakarítás Szeged 1964, Aratás Szeged és környéke 1964, földművelés | ||